000 00350nam a2200145Ia 4500
008 230917s9999||||xx |||||||||||||| ||und||
040 _e38486
_aMAIN
041 _aEnglish
082 _a823.09 H262C
100 _aHarvey, W J
245 0 _aCharacter and the novel
260 _aLondon
_bChatto and Windus
_c1955
300 _ax, 222 p.
942 _cBK
999 _c54037
_d54037